000 01280nam a2200229Ia 4500
001 L235-7425
003 IT-CnALBA
008 170116s9999||||xx |||||||||||||| ||und||
040 _aIT-CnALBA
_cIT-CnALBA
041 _aITALIANO
100 _aGEMMA ANDREA, Orionino
245 0 _aIL SORRISO DI MARIA SUL MONDO D'OGGI. RILETTURA DELLA GAUDIUM ET SPES ALLA LUCE DI MARIA. MESE MARIANO.'
250 _a2a ed.
260 _aCINISELLO BALSAMO (MI)
_bEDIZIONI PAOLINE
_c1973 [1° Ed.: n.d.]
300 _a312 p. (prefazione: 56)
500 _aMAGGIO A MARIA. LA CHIESA E IL MONDO CONTEMPORANEO. L'UOMO NELLA LUCE DELLA FEDE. GIUSTIZIA SOCIALE. LAVORO CRISTIANO. MATRIMONIO E FAMIGLIA. L'UOMO E LA CULTURA. ECONOMIA. LAVORO E CONFLITTO SINDACALE. DIRITTO DI PROPRIETÀ. DESTINAZIONE DEI BENI. L'UOMO
501 _aSocietà San Paolo EM - Piazza San Paolo, 14 - 12051 ALBA (CN) (non commercial uses only) ® Copyright 2017
520 _aMAGGIO A MARIA. LA CHIESA E IL MONDO CONTEMPORANEO. L'UOMO NELLA LUCE DELLA FEDE. GIUSTIZIA SOCIALE. LAVORO CRISTIANO. MATRIMONIO E FAMIGLIA. L'UOMO E LA CULTURA. ECONOMIA. LAVORO E CONFLITTO SINDACALE. DIRITTO DI PROPRIETÀ. DESTINAZIONE DEI BENI. L'UOMO
650 _aMARIA SS. ANGELI SANTI DEMONI
942 _cBK
957 _71
999 _a8401
_bNO
_g Copie: 1
_c266607
_d266607